000 00449nam a2200181Ia 4500
001 7746
005 20260306160518.0
008 260306t2002||||xx |||||||||||||| ||spa||
041 _aESP
082 _a361.25
_bF74
110 _aFondo Nacional de Compensación y Desarrollo Social (FONCODES)
245 0 _aDesafíos de las políticas sociales
260 _c2002
300 _a
_c
650 _aGEN
654 _aCAN
942 _cLIB
_dJUS
_fJUS
_2ddc
_n
999 _c7746
_d7746